000 00700nam a2200289Ia 4500
005 20260324150354.0
008 008 260324s9999 xx 000 0 eng d
020 _a9781315031378
037 _aEBOOK
040 _aCRL
040 _beng
040 _cCRL
041 _2eng
041 _aeng
084 _qCRL
100 _aHenry Atton; Henry H. Holland
_91226189
245 0 _aKings Customs
245 3 _bAn Account of Maritime Revenue and Conraband Traffic
260 _bTaylor and Francis
260 _c1968
365 _a
365 _b195
856 _uhttp://www.taylorfrancis.com/books/9781315031378
942 _cEBOOK
999 _c1835532
_d1835532